000 00657nam a22002057a 4500
003 NUST-PNEC
005 20170116180731.0
008 141116b xxu||||| |||| 00| 0 eng d
020 _a9788177589023
040 _cPNEC
082 _a621.43 SAR
100 _911727
_aCohen, H
245 _aGas Turbine Theory
_bHIH Saravannamutto
250 _a5th Ed
260 _bPearson Education Ltd
_cC. 2001
300 _axvi, 490
_bill. ;
_c24 cm
650 _95450
_aGas Turbine, Aerodynamics
_xME
856 _yhttp://www.amazon.fr/Gas-Turbine-Theory-Livre-allemand/dp/8177589024/ref=sr_1_1?ie=UTF8&qid=1416132476&sr=8-1&keywords=9788177589023
942 _2ddc
_cBK
999 _c61800
_d61800